000 00396nam a2200157Ia 4500
008 230718s9999 xx 000 0 und d
041 _aeng
082 _a621.381
_bCHO
100 _aChoudhury D.R.
245 _aLinear Integrated Circuits
260 _c1997
_bNew Age
300 _a420
365 _cRs.
_b145.00
700 _aChoudhury D.R. & Jain S.
906 _dB:127621-Jun-2003
_cETC
_b29
999 _c305364
_d305364